LEADER 00825nam0-22003251i-450- 001 990003168010403321 005 20071011103111.0 010 $a0-86187-864-7 035 $a000316801 035 $aFED01000316801 035 $a(Aleph)000316801FED01 035 $a000316801 100 $a20030910d1990----km-y0itay50------ba 101 0 $aeng 102 $aIT 200 1 $aProducer Subsidies$fRonald Gerritse. 210 $aLondon$aNew York$cPinter$d1990. 215 $aVII, 157 p.$d22 cm 676 $aH/2.14 676 $aH/2.21 702 1$aGerritse,$bRonald 801 0$aIT$bUNINA$gRICA$2UNIMARC 901 $aBK 912 $a990003168010403321 952 $aH/2.14 GER/N.A.$b8788$fSES 952 $aL5.22$b2131$fDECTS 959 $aDECTS 959 $aSES 996 $aProducer Subsidies$9457631 997 $aUNINA LEADER 01267oas 2200385 a 450 001 9910692583203321 005 20081001112647.0 035 $a(CKB)5470000002353619 035 9 $aocm55065311 035 $a(OCoLC)55065311 035 $a(EXLCZ)995470000002353619 100 $a20040503b19uu200u sa 101 0 $aeng 135 $aurmnu|||||||| 181 $ctxt$2rdacontent 182 $cc$2rdamedia 183 $acr$2rdacarrier 200 10$aConservation update$b[electronic resource] /$fNatural Resources Conservation Service 210 $aHonolulu, HI $c[Natural Resources Conservation Service] 215 $avolumes $cdigital, PDF file 300 $aAt head of title: Hawai ?i. 300 $aDescription based on: Nov./Dec. 2000; title from title screen (viewed May 3, 2004). 300 $aLatest issue consulted: Oct. 2001. 517 $aConservation update 606 $aConservation of natural resources$zHawaii$vPeriodicals 615 0$aConservation of natural resources 712 02$aUnited States.$bNatural Resources Conservation Service. 801 0$bGPO 801 1$bGPO 801 2$bOCLCQ 801 2$bGPO 906 $aDOCUMENT 912 $a9910692583203321 996 $aConservation update$93429894 997 $aUNINA